Statistics for Norse Gods and Godesses

Click here to take the quiz!

General Stats

  • This quiz has been taken 981 times
  • The average score is 5 of 15

Answer Stats

HintAnswer% Correct
God of thunderThor
99%
God of mischiefLoki
95%
God of war and deathOdin
76%
Queen of the underworldHel
55%
Goddess of marriageFrigga
34%
God of fertilityFreyr
31%
Goddess of the harvestSif
24%
God of beautyBaldr
21%
Father of odinBorr
12%
God of strengthMagni
11%
Goddess of healingEir
8%
God of justiceForseti
7%
Goddess of old ageElli
5%
God of dawnDelling
4%
Goddess of joy and peaceNanna
4%

Score Distribution

Percentile by Number Answered

Percent of People with Each Score

Your Score History

You have not taken this quiz